Tendencias Pedagógicas
Tallennettuna:
| Aineistotyyppi: | Kirja |
|---|---|
| Kieli: | espanja |
| Julkaistu: |
Madrid
Universidad Autonoma de Madrid
1997
|
| Aiheet: | |
| Tagit: |
Lisää tagi
Ei tageja, Lisää ensimmäinen tagi!
|
MARC
| LEADER | 00000nam a2200000 a 4500 | ||
|---|---|---|---|
| 001 | UCP8858 | ||
| 003 | CL-VaPUC | ||
| 008 | 000317e19970000SP |||||||||||||||||spa|d | ||
| 082 | 0 | 4 | |a 370.71 |b TEN |2 21 |
| 245 | 1 | 0 | |a Tendencias Pedagógicas |
| 300 | |a 117 p | ||
| 942 | |c BK | ||
| 945 | |d 20000317 00:00:00 |a rbrito | ||
| 260 | |a Madrid |b Universidad Autonoma de Madrid |c 1997 | ||
| 650 | 0 | |a Formación profesional de profesores |9 307493 | |
| 650 | 7 | |a PLANES DE ESTUDIOS |2 CL-VaPUC |9 312368 | |
| 650 | 0 | |a Educación especial |9 307486 | |
| 583 | |a last modification |c 20000317 00:00:00 |k Rodrigo Vera | ||
| 999 | |c 285737 |d 285735 | ||
| 952 | |0 0 |1 0 |4 0 |6 370_710000000000000_TEN_1997 |7 0 |8 A |9 330506 |a BIBEDU |b BIBEDU |c ES_NOD |d 2019-11-20 |i 3588238 |l 1 |o 370.71 TEN 1997 |p 3588238 |r 2023-11-03 |s 2023-11-03 |w 2019-11-20 |y BK |k BME | ||